000 00427nab a2200145Ia 4500
003 ES-SlBCS
005 20210601131743.0
008 140529s1929 xxu||||| |||| 00| 0 fre d
041 _afre
100 1 _aLajeunie, Étienne
_9188571
245 0 0 _aL'Église et l'action française
_c Étienne Lajeunie
650 4 _aIglesia
_913471
773 0 _tVie Intelectuelle (La)
_gvol. 2, nº. 5, 1929, págs. 227-228
_wRev907
942 _cAR
999 _c568232
_d568232